UEFA Champions League Hattricks - Statistics

General Stats
  • This quiz has been taken 2,225 times
    1,526 since last reset
  • The average score is 61 of 125
Answer Stats
Team for Team against Date Nationality Player % Correct
Real Madrid Ajax 3 October 2012 Portugal Cristiano Ronaldo
98%
Real Madrid Galatasaray 17 September 2013 Portugal Cristiano Ronaldo
98%
Real Madrid Shakhtar Donetsk 15 September 2015 Portugal Cristiano Ronaldo
98%
Real Madrid Malmö FF 9 November 2015 Portugal Cristiano Ronaldo
98%
Real Madrid Wolfsburg 12 April 2016 Portugal Cristiano Ronaldo
98%
Real Madrid Bayern Munich 18 April 2017 Portugal Cristiano Ronaldo
98%
Real Madrid Atlético Madrid 2 May 2017 Portugal Cristiano Ronaldo
98%
Juventus Atlético Madrid 12 March 2019 Portugal Cristiano Ronaldo
98%
FC Barcelona Arsenal 6 April 2010 Argentina Lionel Messi
98%
FC Barcelona Viktoria Plzen 1 November 2011 Argentina Lionel Messi
98%
FC Barcelona Bayer Leverkusen 7 March 2012 Argentina Lionel Messi
98%
FC Barcelona Ajax 18 September 2013 Argentina Lionel Messi
98%
FC Barcelona APOEL Nicosia 25 November 2014 Argentina Lionel Messi
98%
FC Barcelona Celtic 13 September 2016 Argentina Lionel Messi
98%
FC Barcelona Manchester City 19 October 2016 Argentina Lionel Messi
98%
Barcelona PSV Eindhoven 18 September 2018 Argentina Lionel Messi
98%
Real Madrid Manchester United 23 April 2003 Brazil Ronaldo
98%
Paris St. Germain Red Star Belgrade 3 October 2018 Brazil Neymar
93%
FC Barcelona Celtic 11 December 2013 Brazil Neymar
92%
Borussia Dortmund Real Madrid 24 April 2013 Poland Robert Lewandowski
88%
Bayern Munich Dinamo Zagreb 29 September 2015 Poland Robert Lewandowski
88%
Real Madrid Auxerre 8 December 2010 France Karim Benzema
87%
Real Madrid Malmö FF 9 September 2015 France Karim Benzema
87%
Manchester City Bayern Munich 25 November 2014 Argentina Sergio Agüero
87%
Manchester City Borussia Monchengladbach 14 September 2016 Argentina Sergio Agüero
87%
Liverpool Porto 14 February 2018 Senegal Sadio Mané
86%
Tottenham Hotspur APOEL Nicosia 26 September 2017 England Harry Kane
85%
Roma Viktoria Plzen 2 October 2018 Bosnia Edin Džeko
84%
Tottenham Hotspur Ajax 8 May 2019 Brazil Lucas Moura
80%
Paris St. Germain Anderlecht 23 October 2013 Sweden Zlatan Ibrahimović
80%
Juventus Young Boys 2 October 2018 Argentina Paulo Dybala
77%
Borussia Dortmund Benfica 8 March 2017 Gabon Pierre-Emerick Aubameyang
77%
Manchester City Shakhtar Donetsk 7 November 2018 Brazil Gabriel Jesus
74%
FC Barcelona Panathinaikos 2 November 2005 Cameroon Samuel Eto'o
74%
Internazionale Werder Bremen 29 September 2010 Cameroon Samuel Eto'o
74%
Marseille Partizan 1 October 2003 Ivory Coast Didier Drogba
73%
Chelsea Levski Sofia 27 September 2006 Ivory Coast Didier Drogba
73%
Tottenham Hotspur Internazionale 20 October 2010 Wales Gareth Bale
73%
Manchester United Olympiacos 19 March 2014 Netherlands Robin van Persie
73%
Borussia Dortmund Legia Warsaw 22 November 2016 Germany Marco Reus
72%
Arsenal AS Roma 27 November 2002 France Thierry Henry
72%
Arsenal Ludogorets 19 October 2016 Germany Mesut Özil
71%
Manchester United Fenerbahçe 28 September 2004 England Wayne Rooney
70%
FC Barcelona Borussia Monchengladbach 6 December 2016 Turkey Arda Turan
68%
Atletico Madrid Olympiacos 26 November 2014 Croatia Mario Mandžukić
67%
Dynamo Kyiv FC Barcelona 5 November 1997 Ukraine Andriy Shevchenko
65%
Milan Fenerbahçe 23 November 2005 Ukraine Andriy Shevchenko
65%
Juventus FC Copenhagen 27 November 2013 Chile Arturo Vidal
64%
FC Barcelona Udinese 27 September 2005 Brazil Ronaldinho
64%
Arsenal Olympiacos 10 November 2015 France Olivier Giroud
63%
PSV Eindhoven HJK Helsinki 25 November 1998 Netherlands Ruud van Nistelrooy
61%
Manchester United Sparta Prague 3 November 2004 Netherlands Ruud van Nistelrooy
61%
Real Madrid Ferencváros 18 October 1995 Spain Raúl
59%
Milan Anderlecht 1 November 2006 Brazil Kaka
58%
Liverpool Spartak Moscow 6 December 2017 Brazil Philippe Coutinho
56%
Newcastle United Bayer Leverkusen 26 February 2003 England Alan Shearer
55%
Milan IFK Göteborg 25 November 1992 Netherlands Marco van Basten
54%
Bayern Munich CFR Cluj 3 November 2010 Germany Mario Gomez
54%
Bayern Munich Napoli 2 November 2011 Germany Mario Gomez
54%
Bayern Munich FC Basel 13 March 2012 Germany Mario Gomez
54%
Juventus Dynamo Kyiv 18 March 1998 Italy Filippo Inzaghi
53%
Juventus Hamburg 13 September 2000 Italy Filippo Inzaghi
53%
Milan Deportivo La Coruńa 24 September 2002 Italy Filippo Inzaghi
53%
FC Barcelona Milan 18 October 2000 Brazil Rivaldo
53%
Lazio Marseille 14 March 2000 Italy Simone Inzaghi
53%
Juventus AS Monaco 1 April 1998 Italy Alessandro Del Piero
51%
Internazionale FC Porto 15 March 2005 Brazil Adriano
50%
Internazionale Artmedia Bratislava 23 November 2005 Brazil Adriano
50%
Liverpool Spartak Moscow 22 October 2002 England Michael Owen
50%
Manchester United Wolsburg 8 December 2009 England Michael Owen
50%
Bayern Munich LOSC Lille 7 November 2012 Peru Claudio Pizarro
43%
Sevilla Maribor 26 September 2017 France Wissam Ben Yedder
40%
PSV Eindhoven AEK Athens 4 November 1992 Brazil Romário
38%
Manchester United Feyenoord 5 November 1997 England Andy Cole
37%
Manchester United Anderlecht 13 September 2000 England Andy Cole
37%
Ajax Ferencváros 27 September 1995 Finland Jari Litmanen
34%
Arsenal FC Porto 9 March 2010 Denmark Nicklas Bendtner
34%
Bayern Munich Lyon 27 April 2010 Croatia Ivica Olić
33%
Deportivo La Coruña Bayern Munich 18 September 2002 Netherlands Roy Makaay
30%
Bayern Munich Ajax 28 September 2004 Netherlands Roy Makaay
30%
Manchester City CSKA Moscow 5 November 2013 Spain Álvaro Negredo
28%
Arsenal Galatasaray 1 October 2014 England Danny Welbeck
28%
Valencia Olympiacos 12 September 2006 Spain Fernando Morientes
27%
Liverpool Besiktas 6 November 2007 Israel Yossi Benayoun
27%
Shakhtar Donetsk FC Nordsjælland 20 November 2012 Brazil Luiz Adriano
25%
Shakhtar Donetsk BATE Borisov 21 October 2014 Brazil Luiz Adriano
25%
Shakhtar Donetsk BATE Borisov 5 November 2014 Brazil Luiz Adriano
25%
FC Porto BATE Borisov 17 September 2014 Algeria Yacine Brahimi
25%
Galatasaray CFR Cluj 7 November 2012 Turkey Burak Yilmaz
22%
Wolfsburg CSKA Moscow 15 September 2009 Brazil Grafite
18%
CFR Cluj Braga 20 November 2012 Portugal Rui Pedro
18%
Valencia Genk 23 November 2011 Spain Roberto Soldado
17%
Valencia BATE Borisov 23 October 2012 Spain Roberto Soldado
17%
Arsenal FC Basel 6 December 2016 Spain Lucas Pérez
16%
Olympiacos Anderlecht 2 October 2013 Greece Konstantinos Mitroglou
15%
Paris St. Germain Anderlecht 31 October 2017 France Layvin Kurzawa
15%
Lyon Dinamo Zagreb 7 December 2011 France Bafétimbi Gomis
14%
AS Monaco Deportivo La Coruña 5 November 2003 Croatia Dado Pršo
13%
Marseille MŠK Žilina 3 November 2010 France André-Pierre Gignac
11%
Lazio Shakhtar Donetsk 25 October 2000 Argentina Claudio Lopez
11%
Valencia Lazio 5 April 2000 Spain Gerard López
11%
Newcastle United FC Barcelona 17 September 1997 Colombia Faustino Asprilla
10%
Milan Rosenborg 25 September 1996 Italy Marco Simone
8%
AS Monaco Sturm Graz 27 September 2000 Italy Marco Simone
8%
Villarreal AaB 21 October 2008 Spain Joseba Llorente
7%
Lyon Werder Bremen 8 March 2005 France Sylvain Wiltord
7%
Werder Bremen Anderlecht 2 November 2004 Croatia Ivan Klasnić
6%
Udinese Panathinaikos 14 September 2005 Italy Vincenzo Iaquinta
6%
Deportivo La Coruña Paris St. Germain 7 March 2001 Uruguay Walter Pandiani
6%
Maccabi Haifa Olympiacos 24 September 2002 Nigeria Yakubu
5%
FC Schalke 04 PSV Eindhoven 23 November 2005 Georgia Levan Kobiashvili
4%
Anderlecht HJK Helsinki 29 September 1993 Belgium Luc Nilis
4%
Fenerbahçe Manchester United 8 December 2004 Turkey Tuncay Sanli
4%
Shakhtar Donetsk FC Basel 26 November 2008 Brazil Jádson
3%
Marseille CSKA Moscow 17 March 1993 France Franck Sauzée
2%
Blackburn Rovers Rosenborg 6 December 1995 England Mike Newell
2%
CSKA Moscow Paris St. Germain 7 December 2004 Russia Sergei Semak
2%
Spartak Moscow Willem ll 15 September 1999 Russia Andrei Tikhonov
1%
Werder Bremen Dinamo Minsk 16 September 1993 Germany Bernd Hobsch
1%
Rosenborg Helsinborg 26 August 2000 Norway Frode Johnsen
1%
PSV Eindhoven FK Žalgiris Vilnius 16 September 1992 Netherlands Juul Ellerman
1%
Olympiacos Bayer Leverkusen 18 September 2002 Serbia Predrag Đorđević
1%
Rosenborg Galatasaray 21 October 1998 Norway Sigurd Rushfeldt
1%
Kaiserslautern HJK Helsinki 9 December 1998 Germany Uwe Rösler
1%
Spartak Moscow Skonto 15 September 1993 Russia Sergey Rodionov
0%
No matching quizzes found
Score Distribution
Percent of People with Each Score
Percentile by Number Answered
Your Score History
You have not taken this quiz since the last reset